Online katalóg knižníc regiónu Turca

Svet zvierat (Record no. 21566)

MARC details
000 -LEADER
fixed length control field 01462cam a2200433 a 4500
001 - CONTROL NUMBER
control field 21566
003 - CONTROL NUMBER IDENTIFIER
control field VRT
005 - DATE AND TIME OF LATEST TRANSACTION
control field 20260305085514.0
008 - FIXED-LENGTH DATA ELEMENTS--GENERAL INFORMATION
fixed length control field 160610s2011 xo a j 000 0 slo
015 ## - NATIONAL BIBLIOGRAPHY NUMBER
National bibliography number SNBA2012/04-02137
020 ## - INTERNATIONAL STANDARD BOOK NUMBER
International Standard Book Number 9788080882877 (viaz.)
035 ## - SYSTEM CONTROL NUMBER
System control number 0F32236C-9283-42A9-B0D0-2110FC92FA3A
035 ## - SYSTEM CONTROL NUMBER
System control number urn:nbn:sk:snk-aml3wm
035 ## - SYSTEM CONTROL NUMBER
System control number urn:nbn:sk:snk-am008klv
039 #9 - LEVEL OF BIBLIOGRAPHIC CONTROL AND CODING DETAIL [OBSOLETE]
Level of rules in bibliographic description 201606101631
Level of effort used to assign nonsubject heading access points VLOAD
Level of effort used to assign subject headings 201207171523
Level of effort used to assign classification msnk38
Level of effort used to assign subject headings 201206260801
Level of effort used to assign classification msnk17
Level of effort used to assign subject headings 201206260758
Level of effort used to assign classification msnk17
040 ## - CATALOGING SOURCE
Original cataloging agency SNK
Language of cataloging slo
Transcribing agency SNK
Description conventions AACR2
041 0# - LANGUAGE CODE
Language code of text/sound track or separate title slo
044 ## - COUNTRY OF PUBLISHING/PRODUCING ENTITY CODE
MARC country code xo
ISO country code SK
072 #7 - SUBJECT CATEGORY CODE
Subject category code 821-93
Subject category code subdivision Literatúra pre deti a mládež (beletria)
Source konspekt
080 ## - UNIVERSAL DECIMAL CLASSIFICATION NUMBER
Universal Decimal Classification number 821-93
Edition identifier 2001
080 ## - UNIVERSAL DECIMAL CLASSIFICATION NUMBER
Universal Decimal Classification number (0.025.2)
Edition identifier 2001
100 1# - MAIN ENTRY--PERSONAL NAME
Personal name Bampton, Bob
Relationship ill
245 10 - TITLE STATEMENT
Title Svet zvierat
Remainder of title poznáš protiklady?
Statement of responsibility, etc. [ilustrácie Bob Bampton ; text Daniela Reichstädterová]
250 ## - EDITION STATEMENT
Edition statement 1. vyd.
260 ## - PUBLICATION, DISTRIBUTION, ETC.
Place of publication, distribution, etc. Bratislava
Name of publisher, distributor, etc. Matys
Date of publication, distribution, etc. 2011
300 ## - PHYSICAL DESCRIPTION
Extent [12] s.
Other physical details fareb. ilustr.
Dimensions 23 cm
500 ## - GENERAL NOTE
General note Náz. z obalu. Kartónové listy
655 #7 - INDEX TERM--GENRE/FORM
Genre/form data or focus term leporelá
Source of term SNKPH
655 #7 - INDEX TERM--GENRE/FORM
Genre/form data or focus term publikácie pre deti
Source of term SNKPH
655 #7 - INDEX TERM--GENRE/FORM
Genre/form data or focus term Picture books for children
Source of term SNKPHeng
655 #7 - INDEX TERM--GENRE/FORM
Genre/form data or focus term Children's literature
Source of term SNKPHeng
700 1# - ADDED ENTRY--PERSONAL NAME
Personal name Reichstädterová, Daniela
Relationship aut
910 ## - USER-OPTION DATA (OCLC)
User-option data snk
942 ## - ADDED ENTRY ELEMENTS (KOHA)
Source of classification or shelving scheme Dewey Decimal Classification
Koha item type Krásna literatúra pre deti
Suppress in OPAC No
949 ## - LOCAL PROCESSING INFORMATION (OCLC)
6 17A0879863
a snkSC 148685
b snk2012/5819
o 703/12
s 6100:20160112
949 ## - LOCAL PROCESSING INFORMATION (OCLC)
6 17A0879864
a snkSC 148685 D1
b snk2012/5820
o 703/12
980 ## - EQUIVALENCE OR CROSS-REFERENCE-SERIES STATEMENT--PERSONAL NAME/TITLE [LOCAL, CANADA]
Personal name 087.5
980 ## - EQUIVALENCE OR CROSS-REFERENCE-SERIES STATEMENT--PERSONAL NAME/TITLE [LOCAL, CANADA]
Personal name (084)
Holdings
Stav vyradenia Strata Poškodenie Spôsob nadobudnutia Domovská knižnica Aktuálna knižnica Dátum nadobudnutia Total checkouts Čiarový kód exemplára Date last seen Typ exemplára
      Dar Obecná knižnica Turčianska Štiavnička Obecná knižnica Turčianska Štiavnička 05.03.2026   4738000247 05.03.2026 Krásna literatúra pre deti
Projekt je podporený Slovenskou asociáciou knižníc
Prevádzkuje Turčianska knižnica Martin 2026